| 000 | 00610nam a2200217Ia 4500 | ||
|---|---|---|---|
| 003 | GCL | ||
| 008 | 140319s9999 xx 000 0 ara d | ||
| 040 |
_aGCL / _cGCL |
||
| 082 | 0 | 4 |
_aط _b507 _bد ج |
| 100 | 1 | _aدار المعارف | |
| 245 | 1 | 0 |
_aالزواحف والبرمائيات / _cدار المعارف |
| 260 |
_a[S.N] : _bدار المعارف |
||
| 300 | _aمتعددة | ||
| 490 |
_aحقائق وتسالى _v0 |
||
| 650 | 0 | 4 | _aالاطفال |
| 650 | 0 | 4 | _aالثعابين |
| 650 | 0 | 4 | _aالتماسيح |
| 650 | 0 | 4 | _aالزواحف |
| 650 | 0 | 4 | _aالبرمائيات |
| 942 |
_2ddc _cBK |
||
| 999 |
_c34579 _d34579 |
||